000 00916cam a22002893a 4500
001 2527
003 PGUSA
005 20140828083015.0
008 010201s2001||||xxu|||||s|||||000 1 eng d
040 _aPGUSA
_beng
042 _adc
050 4 _aPT
100 1 _aGoethe, Johann Wolfgang von,
_d1749-1832
245 1 4 _aThe Sorrows of Young Werther
_h[electronic resource] /
_cJohann Wolfgang von Goethe
260 _bProject Gutenberg,
_c2001
500 _aTranslation of: Die Leiden des jungen Werther.
506 _aPublic domain in the USA.
516 _aElectronic text
653 _aUnrequited love -- Fiction
653 _aGermany -- Social life and customs -- Fiction
653 _aYoung men -- Germany -- Fiction
700 1 _aBoylan, R. Dillon
740 0 _aDie Leiden des jungen Werther
830 0 _aProject Gutenberg
_v2527
856 4 0 _uhttp://www.gutenberg.org/ebooks/2527
942 _cEB
999 _c231864
_d231864